Bekannteste Städte Deutschlands - Statistiken

Allgemein
  • Dieses Quiz wurde 533 mal gespielt
  • Das Durchschnittsergebnis liegt bei 28 aus 36
Antwortstatistiken
% Städte % Korrekt
97% Berlin
100%
95% München
100%
96% Hamburg
99%
94% Köln
98%
90% Frankfurt am Main
94%
92% Stuttgart
93%
92% Düsseldorf
92%
90% Leipzig
92%
93% Bremen
91%
91% Dortmund
91%
90% Dresden
90%
91% Haan
89%
89% Kiel
88%
88% Nürnberg
88%
88% Hannover
87%
89% Essen
82%
86% Mainz
76%
84% Potsdam
76%
85% Freiberg
74%
83% Rostock
73%
85% Erfurt
72%
84% Augsburg
71%
84% Freiburg im Breisgau
71%
85% Bonn
69%
85% Duisburg
68%
83% Mannheim
68%
84% Magdeburg
67%
84% Saarbrücken
67%
84% Wiesbaden
67%
84% Aachen
66%
82% Gelsenkirchen
62%
83% Bochum
61%
82% Karlsruhe
58%
84% Bielefeld
56%
81% Münster
55%
82% Chemnitz
51%
Keine übereinstimmenden Quizze gefunden
Verteilung der Resultate
Anzahl Personen mit jedem Resultat
Perzentil nach korrekt beantworteten Fragen
Ihre Resultats-Entwicklung
Sie haben dieses Quiz noch nicht gespielt